Le roman de la Belle Otero (Record no. 169876)

MARC details
000 -LEADER
campo de control de longitud fija 00881nam a2200205 i 4500
001 - NÚMERO DE CONTROL
campo de control 169876
003 - IDENTIFICADOR DE NÚMERO DE CONTROL
campo de control ES-MaACL
005 - FECHA Y HORA DE LA ÚLTIMA TRANSACCIÓN
campo de control 20230906214227.0
008 - DATOS DE LONGITUD FIJA--INFORMACIÓN GENERAL
campo de control de longitud fija 081211s19261928fr |||| | fre d
080 ## - NÚMERO DE LA CLASIFICACIÓN DECIMAL UNIVERSAL
Número de la Clasificación Decimal Universal 929 Otero, Caroline
100 1# - ENTRADA PRINCIPAL--NOMBRE DE PERSONA
Nombre de persona Otero, Caroline.
9 (RLIN) 139067
245 13 - MENCIÓN DEL TÍTULO
Título Le roman de la Belle Otero
Resto del título : sa vie intime, ses amours, ses succès /
Mención de responsabilidad, etc. racontés par elle-même ; avec une préface de Claude Valmont.
260 ## - PUBLICACIÓN, DISTRIBUCIÓN, ETC.
Lugar de publicación, distribución, etc. Paris :
Nombre del editor, distribuidor, etc. Le Calame,
Fecha de publicación, distribución, etc. 1926.
300 ## - DESCRIPCIÓN FÍSICA
Extensión 319 p., [1] h. de lám. ;
Dimensiones 19 cm.
595 ## -
-- En port.: "Les souvenirs et la vie intime de la Belle Otero", éd. nouv. rev. et augm., complète en 1 vol.
599 ## - NOTA A LAS ILUSTRACIONES
NOTA A LAS ILUSTRACIONES Lám.: Retr. de la Bella Otero, con ded. de G. d'Annunzio.
600 14 - PUNTO DE ACCESO ADICIONAL DE MATERIA--NOMBRE DE PERSONA
Nombre de persona Otero, Caroline-
Subdivisión de forma Biografías.
9 (RLIN) 87880
700 1# - ENTRADA AGREGADA--NOMBRE PERSONAL
Nombre de persona Valmont, Claude.
9 (RLIN) 139073
852 1# - LOCALIZACIÓN
Ubicación BA
Número de control de estantería E-12360
itemnumber R.140515
Nota libre - Biblioteca Jacinto Martínez Lacalle
Holdings
Estatus retirado Estado de pérdida Estado de daño No para préstamo Biblioteca de origen Biblioteca actual Ubicación en estantería Fecha de adquisición Fuente de adquisición Total de préstamos Signatura topográfica completa Código de barras Visto por última vez Precio de reemplazo Tipo de ítem Koha
        Biblioteca del Ateneo de Madrid Biblioteca del Ateneo de Madrid Depósito 2 11/12/2008     E-12360 1178352 23/02/2023 23/02/2023 Libro impreso